<?xml version="1.0" encoding="UTF-8"?><?xml-stylesheet type="text/xsl" href="static/style.xsl"?><OAI-PMH xmlns="http://www.openarchives.org/OAI/2.0/" xmlns:xsi="http://www.w3.org/2001/XMLSchema-instance" xsi:schemaLocation="http://www.openarchives.org/OAI/2.0/ http://www.openarchives.org/OAI/2.0/OAI-PMH.xsd"><responseDate>2026-04-17T01:41:50Z</responseDate><request verb="GetRecord" identifier="oai:www.recercat.cat:2099.1/18504" metadataPrefix="marc">https://recercat.cat/oai/request</request><GetRecord><record><header><identifier>oai:recercat.cat:2099.1/18504</identifier><datestamp>2025-07-22T16:35:15Z</datestamp><setSpec>com_2072_1033</setSpec><setSpec>col_2072_452951</setSpec></header><metadata><record xmlns="http://www.loc.gov/MARC21/slim" xmlns:dcterms="http://purl.org/dc/terms/" xmlns:xsi="http://www.w3.org/2001/XMLSchema-instance" xmlns:doc="http://www.lyncode.com/xoai" xsi:schemaLocation="http://www.loc.gov/MARC21/slim http://www.loc.gov/standards/marcxml/schema/MARC21slim.xsd">
   <leader>00925njm 22002777a 4500</leader>
   <datafield ind2=" " ind1=" " tag="042">
      <subfield code="a">dc</subfield>
   </datafield>
   <datafield ind2=" " ind1=" " tag="720">
      <subfield code="a">Balmes Milian, Jordi</subfield>
      <subfield code="e">author</subfield>
   </datafield>
   <datafield ind2=" " ind1=" " tag="720">
      <subfield code="a">Aguayos Macarulla, Ismael</subfield>
      <subfield code="e">author</subfield>
   </datafield>
   <datafield ind2=" " ind1=" " tag="260">
      <subfield code="c">2013-02</subfield>
   </datafield>
   <datafield ind2=" " ind1=" " tag="520">
      <subfield code="a">En este proyecto se lleva a cabo una propuesta de mejora geométrica de una carretera a través de los&#xd;
programas de diseño de obra lineal Istram Ispol y Bentley Inroads para posteriormente establecer una&#xd;
comparación.&#xd;
Ambos programas, representan, bajo criterio de los autores del presente proyecto, dos de los&#xd;
principales programas de diseño utilizados en el mundo de la ingeniería civil debido a su capacidad de&#xd;
diseño y potencia de cálculo.&#xd;
Para un diseño adecuado, previamente, se genera un modelo digital terrestre de dos carreteras existentes.&#xd;
El modelo digital terrestre está apoyado en un levantamiento topográfico. La realización del&#xd;
levantamiento se ha hecho mediante topografía clásica y técnicas GPS para apoyar el levantamiento en el&#xd;
sistema de referencia oficial ETRS89 y proyección UTM.&#xd;
Realizado el levantamiento, se ha hecho un estudio de trazado donde se ha identificado la adecuación de&#xd;
la vías a la instrucción 3.1- IC normativa trazado, siendo ésta la normativa oficial respecto al diseño&#xd;
geométrico de carreteras en España.&#xd;
Identificados los puntos conflictivos, se propone como mejora la reorganización del enlace entre ambas&#xd;
carreteras, con intención de adecuar el trazado a normativa y mejorar la comodidad y seguridad del&#xd;
trazado.&#xd;
El diseño geométrico se ha realizado paralelamente en ambos programas de diseño, de esta manera, se&#xd;
pretende describir las características principales de cada programa en cada etapa del diseño, establecer&#xd;
una comparación y evaluar los resultados obtenidos.</subfield>
   </datafield>
   <datafield tag="653" ind2=" " ind1=" ">
      <subfield code="a">Àrees temàtiques de la UPC::Enginyeria civil::Geomàtica</subfield>
   </datafield>
   <datafield tag="653" ind2=" " ind1=" ">
      <subfield code="a">Topographical surveying</subfield>
   </datafield>
   <datafield tag="653" ind2=" " ind1=" ">
      <subfield code="a">Global Positioning System</subfield>
   </datafield>
   <datafield tag="653" ind2=" " ind1=" ">
      <subfield code="a">Topografia</subfield>
   </datafield>
   <datafield tag="653" ind2=" " ind1=" ">
      <subfield code="a">Sistema de posicionament global</subfield>
   </datafield>
   <datafield ind2="0" ind1="0" tag="245">
      <subfield code="a">Comparación de dos softwares de trazado aplicados a la mejora del enlace entre la C-17 y la BV-1432</subfield>
   </datafield>
</record></metadata></record></GetRecord></OAI-PMH>